[Event "67th Warsaw-ch A 2018"]
[Site "Warsaw"]
[Date "2018.11.18"]
[Round "7"]
[White "Heberla, Bartlomiej"]
[Black "Pietruszewski, Marcin"]
[Result "1-0"]
[WhiteElo "2546"]
[BlackElo "2242"]
[Annotator "TA"]
[PlyCount "165"]
[EventDate "2018.11.12"]
[EventCountry "POL"]
[SourceTitle "playchess.com"]
[Source "ChessBase"]
[SourceQuality "1"]

{[%evp 22,165,63,77,91,79,103,68,87,80,94,85,91,67,166,105,97,85,85,52,145,152,171,138,202,177,258,245,249,252,282,285,332,317,297,260,521,0,294,281,293,304,291,290,271,274,291,216,216,214,216,191,183,139,163,150,148,120,148,141,145,133,153,155,182,182,174,154,158,158,149,150,177,158,254,250,299,279,280,266,270,185,184,181,178,144,236,225,227,236,234,219,219,196,208,204,204,204,206,197,185,164,239,183,295,291,284,260,385,393,361,175,176,159,143,134,313,317,306,307,281,287,734,684,731,702,663,641,4582,4959,2146,3645,5630,5587,29965,29968,29962,29961,29960,29961,2237,970,29976,29977,29978,29980]} 1. c4 e5 2. Nc3 Nf6 3. Nf3 Nc6 4. d4 exd4 5. Nxd4 g6 6. e4 d6 7. Be2 Bg7 8. Be3 O-O 9. O-O Re8 10. f3 Ne5 11. Qd2 c6 12. Rad1 Qc7 {E94: King's Indian: Classical: 6 Be2 e5 7 0-0: Various Black 7th moves} 13. Kh1 Bd7 14. Nc2 $146 ({Predecessor:} 14. Bg5 Qb6 15. f4 Neg4 16. Bf3 Nh5 17. Nce2 Qc5 18. b3 Nhf6 19. Nc3 h6 20. Bh4 {1-0 (58) Lirindzakis,T (2395)-Skiadas,H (2205) Chania 1995}) 14... Be6 {White is slightly better.} 15. b3 Rad8 16. Bg5 {aiming for f4.} ({Not} 16. Bxa7 b6 $15) 16... Bc8 17. Ne3 {And now Bxf6 would win.} Qb8 (17... Ned7 $14) 18. f4 (18. Bh4 $1 $18) 18... Ned7 $16 19. Ng4 Nxg4 20. Bxd8 (20. Bxg4 {with more complications.} f6 21. Bh4 Nc5 22. Bf3 Qc7 23. f5) 20... Rxd8 (20... Nxh2 $1 $14 21. Kxh2 Rxd8) 21. Bxg4 Nc5 22. Bf3 Ne6 (22... Re8 $16 23. Rfe1 Qc7) 23. Ne2 $18 c5 (23... Qc7 $142 24. f5 Nc5) 24. f5 Nd4 25. Nxd4 Bxd4 26. Qh6 Be5 27. Rd5 {White wants to mate with Rxe5!} Bg7 28. Qf4 Be5 $2 (28... Qc7 29. f6 Bf8) 29. Qh6 {White threatens Rxe5! and mate.} Bg7 $1 {[%cal Rg7h6]} 30. Qh4 Re8 31. Rfd1 Bf8 32. e5 Bxf5 33. exd6 Bd7 34. Qg3 b6 35. Re5 Be6 36. Re2 Rd8 37. Bg4 Bxg4 38. Qxg4 {d7 is the strong threat.} Rxd6 39. Rde1 Rd8 40. Qf3 Qc8 41. Qf6 Qd7 42. Re5 Qd4 ({But not} 42... Bg7 $2 43. Qxd8+ $1 {[%mdl 512]} Qxd8 44. Re8+ Qxe8 45. Rxe8+ Bf8 46. Ra8 $18) 43. Rf1 Rd7 44. h3 h5 45. Rd5 Qxf6 46. Rxf6 $16 {[%mdl 4096] Endgame KRR-KRB} Rc7 47. Kg1 Kg7 (47... Be7 $16 48. Rf3 Kf8) 48. Rf3 $18 a5 49. Rfd3 Re7 50. Rd7 Re6 51. Rf3 Be7 52. Kf1 h4 53. Rf2 g5 (53... Bf6 $16 54. a4 g5) 54. Re2 Rf6+ {[#]} 55. Ke1 $1 Bd6 56. Kd2 Kg6 57. Kc2 Kf5 58. Rf2+ Bf4 59. Rd5+ Kg6 60. Re2 Bg3 61. Kb2 Rc6 (61... Bf2 $142 62. Kb1 Bg1) 62. Ka3 f5 (62... Re6 $142 63. Rdd2 Bf4) 63. Ka4 Rf6 64. Re8 Kf7 (64... g4 $142 65. hxg4 fxg4 66. Rg8+ Kf7 67. Rxg4 Rf2) 65. Rdd8 Bd6 66. Rg8 (66. Rh8 $142) 66... Be7 67. Rb8 Re6 {[#]} 68. Rh8 $1 g4 $2 (68... Kg7 $16) 69. hxg4 fxg4 70. Rb7 Kg6 71. Kb5 Bf6 $2 (71... Re2 72. Kxb6 Bf6 73. Rg8+ Kf5) 72. Rg8+ Kf5 73. Rxb6 Rxb6+ 74. Kxb6 {KR-KB} h3 75. gxh3 gxh3 76. Rg1 Bc3 77. Kxc5 Kf4 78. Kb5 Kf3 79. c5 {[%cal Bc4c5,Bc5c6,Bc6c7][%mdl 32]} Kf2 80. Rh1 Kg2 81. Rc1 Bd4 82. c6 h2 83. c7 {Accuracy: White = 66%, Black = 44%.} 1-0

[Event "67th Warsaw-ch A 2018"]
[Site "Warsaw"]
[Date "2018.11.18"]
[Round "7"]
[White "Jakubowski, Krzysztof"]
[Black "Jarmula, Lukasz"]
[Result "1/2-1/2"]
[WhiteElo "2510"]
[BlackElo "2492"]
[Annotator "TA"]
[PlyCount "79"]
[EventDate "2018.11.12"]
[EventCountry "POL"]
[SourceTitle "playchess.com"]
[Source "ChessBase"]
[SourceQuality "1"]

{[%evp 16,79,10,0,0,-25,-20,-26,-26,-42,-29,-29,-28,-38,-10,-17,-8,-27,-23,-38,-6,-22,6,12,13,19,8,7,7,15,4,0,8,7,8,-2,0,0,5,16,6,-115,-111,-114,-99,-85,-65,-63,-62,-77,-26,-51,-53,-60,-4,-47,0,0,0,0,0,0,0,0,0,0]} 1. c4 c5 2. Nf3 Nc6 3. Nc3 g6 4. e3 Nf6 5. d4 cxd4 6. exd4 d5 7. cxd5 Nxd5 8. Bc4 Nb6 9. Bb5 {[#] And now d5 would win.} Bg7 {A35: Symmetrical English: 2 Nc3 Nc6 3 Nf3} 10. Ne5 (10. O-O O-O 11. Bxc6 bxc6 12. Re1 Bg4 13. Bg5 Re8 14. h3 Bxf3 15. Qxf3 Nd5 16. Rad1 Rb8 17. b3 Qd7 18. Ne2 Rb5 19. Bd2 Nb4 20. Bxb4 Rxb4 21. Rc1 Rc8 22. Rc2 e6 {½-½ (22) Arutinian,D (2536)-Abasov,N (2608) Batumi 2018}) 10... Bd7 11. Bxc6 Bxc6 {Black has an edge.} 12. Nxc6 bxc6 13. Ne2 $146 ({Predecessor:} 13. Be3 O-O 14. O-O Nc4 15. Na4 Qd5 16. Qe2 Rfd8 17. Nc3 {½-½ (39) Hemant,S (2267)-Swapnil,S (2434) Dharamshala 2014}) 13... c5 14. dxc5 Qxd1+ 15. Kxd1 Na4 16. Rb1 Nxc5 17. Be3 Nd3 18. b4 e5 19. Nc1 Nf4 20. Bxf4 exf4 21. Re1+ Kf8 22. Nd3 Rd8 $36 {[%mdl 2048] Black has the initiative.} 23. Rb3 Bf6 24. Re4 g5 25. b5 Kg7 26. Ke2 Bd4 27. Nb4 f5 28. Re6 (28. Re7+ $11 {was the only way to keep the balance.} Kf6 29. Nc6) 28... Kf7 $17 29. Rc6 Rhe8+ 30. Kf3 Re4 {[%csl Gf5][%cal Rg5g4]} 31. g4 fxg3 $1 32. hxg3 g4+ 33. Kg2 Re2 34. Rc2 Rde8 (34... Rxc2 $1 $15 35. Nxc2 Bb6 {[%mdl 64] Decoy}) 35. Rd3 (35. Kf1 $5 {[%cal Rc2e2]} Re1+ 36. Kg2 $11) 35... Bb6 (35... Bxf2 $5 36. Rd7+ Kf8 37. Rxe2 Rxe2 $15) 36. Rd7+ {The position is equal.} Kg8 37. Nd5 Rxc2 38. Nf6+ {[%mdl 64] [#] Double Attack} Kf8 39. Nxh7+ Kg8 40. Nf6+ {[%mdl 64] Double Attack. Accuracy: White = 68%, Black = 61%.} 1/2-1/2

[Event "67th Warsaw-ch A 2018"]
[Site "Warsaw"]
[Date "2018.11.18"]
[Round "7"]
[White "Deszczynski, Adam"]
[Black "Choroszej, Aleksander"]
[Result "1/2-1/2"]
[WhiteElo "2315"]
[BlackElo "2055"]
[Annotator "ChessBase"]
[PlyCount "108"]
[EventDate "2018.11.12"]
[EventCountry "POL"]
[SourceTitle "playchess.com"]
[Source "ChessBase"]
[SourceQuality "1"]

1. d4 g6 2. c4 Bg7 3. Nc3 d6 4. e4 Nf6 5. Nf3 O-O 6. Be2 e5 7. d5 a5 8. h3 Na6 9. Bg5 Qe8 10. g4 Nd7 11. Rg1 Ndc5 12. Nd2 Bd7 13. Nf1 Na4 14. Nxa4 Bxa4 15. Qd2 Nc5 16. Ng3 f6 17. Be3 b6 18. h4 Bd7 19. h5 g5 20. f3 h6 21. Kf2 Rf7 22. Kg2 Bf8 23. b3 Qc8 24. Rgc1 Re7 25. Rab1 Re8 26. Bd1 b5 27. cxb5 Bxb5 28. Be2 Bd7 29. Bc4 Kh8 30. Qe2 Qb7 31. Nf1 Reb8 32. Nd2 c6 33. Bxc5 dxc5 34. Nf1 Ra7 35. Ne3 Qc8 36. Rd1 a4 37. Rd2 axb3 38. axb3 Qc7 39. Rbd1 Rba8 40. dxc6 Bxc6 41. Bd5 Qb7 42. Bxc6 Qxc6 43. Qc4 Qe8 44. Nf5 Ra2 45. Rxa2 Rxa2+ 46. Kg3 Ra8 47. Rd5 Qb8 48. Rd7 Ra7 49. Rd1 Qe8 50. Rd5 Qb8 51. Qd3 Ra8 52. Rd7 c4 53. Qxc4 Qb6 54. Qf7 Qg1+ 1/2-1/2

[Event "67th Warsaw-ch A 2018"]
[Site "Warsaw"]
[Date "2018.11.18"]
[Round "7"]
[White "Kowalski, Igor"]
[Black "Kokoszczynski, Jan"]
[Result "1-0"]
[WhiteElo "2293"]
[BlackElo "2245"]
[Annotator "NA"]
[PlyCount "117"]
[EventDate "2018.11.12"]
[EventCountry "POL"]
[SourceTitle "playchess.com"]
[Source "ChessBase"]
[SourceQuality "1"]

1. d4 Nf6 2. c4 e6 3. Nf3 b6 4. a3 Bb7 5. Nc3 d5 6. cxd5 Nxd5 7. Qc2 Be7 8. e4 Nxc3 9. bxc3 O-O 10. Bd3 Nd7 11. O-O c5 12. Qe2 Rc8 {E12: Queen's Indian: Unusual White 4th moves, 4 a3, 4 Nc3 Bb7 5 a3 and 4 Nc3 Bb7} 13. Bd2 Qc7 14. a4 e5 15. dxe5 c4 16. Bc2 Nxe5 17. Nd4 $146 ({Predecessor:} 17. Nxe5 Qxe5 18. f4 Qc5+ 19. Kh1 Qc6 20. Be3 a6 {½-½ (52) Mikaelyan,A (2500)-Petrosyan,M (2551) Yerevan 2018}) 17... Bc5 18. Bf4 Rfe8 19. Qh5 Qd6 20. Nb5 Qg6 21. Qxg6 Nxg6 22. Bd6 a6 23. Bxc5 Rxc5 24. Nd6 Rb8 25. Rfd1 Bc6 26. Rd4 $14 b5 27. axb5 Bxb5 28. g3 Ne5 29. Kg2 g6 30. f4 Nc6 31. Rd2 Ne7 32. Kf2 Kf8 33. e5 Rd5 34. Re2 Rd8 35. Be4 R8xd6 36. exd6 Rxd6 37. Raa2 f5 38. Bf3 Nc8 39. Rad2 Rd3 40. Rxd3 cxd3 41. Re6 a5 42. c4 Ba4 43. Ra6 Ke7 44. Rxa5 Bb3 45. Ke3 Bxc4 46. Bd5 Bxd5 47. Rxd5 Nd6 48. Rxd3 Ne4 49. Ra3 h6 50. Kd4 Nf2 51. Rf3 Ng4 52. h3 Nf6 53. Ra3 Nd7 54. Ra6 Kf7 55. Rd6 Nf8 56. Kd5 h5 57. Ra6 Kg7 58. Ra7+ Kf6 59. h4 1-0

[Event "67th Warsaw-ch A 2018"]
[Site "Warsaw"]
[Date "2018.11.18"]
[Round "7"]
[White "Mickiewicz, Piotr"]
[Black "Nguyen, Piotr"]
[Result "0-1"]
[WhiteElo "2243"]
[BlackElo "2393"]
[Annotator "NA"]
[PlyCount "68"]
[EventDate "2018.11.12"]
[EventCountry "POL"]
[SourceTitle "playchess.com"]
[Source "ChessBase"]
[SourceQuality "1"]

1. e4 c5 2. Nf3 Nc6 3. d4 cxd4 4. Nxd4 g6 5. Nc3 Bg7 6. Be3 Nf6 7. Bc4 O-O 8. Bb3 d6 9. f3 Bd7 10. Qd2 Nxd4 11. Bxd4 b5 12. a4 b4 {B77: Sicilian Dragon: Yugoslav Attack, 9 Bc4 sidelines} 13. Nd5 Nxd5 14. Bxg7 Kxg7 15. exd5 a5 (15... Qb6 16. h4 h5 17. O-O-O Qa5 18. g4 Bxa4 19. Kb1 Bxb3 20. cxb3 {0-1 (33) Vachier Lagrave,M (2796)-Giri,A (2771) Stavanger 2017 CBM 179 [Quintiliano,R]}) 16. h4 f6 {[#]} 17. O-O-O $146 ({Predecessor:} 17. Qe3 Rc8 18. h5 g5 19. h6+ Kg8 20. Kf2 {Kokkila,T (2542)-Avotins,M (2454) ICCF email 2016}) 17... Qe8 18. Rde1 Rf7 19. h5 g5 20. h6+ Kf8 21. f4 gxf4 22. Qxf4 Bxa4 23. Rh3 Bd7 24. Rg3 a4 25. Re6 Qc8 $11 ({Weaker is} 25... axb3 {[#]} 26. Qg4 $1 {[%mdl 512]} Ra1+ 27. Kd2 Rd1+ 28. Kxd1 bxc2+ 29. Kc1 Bxe6 30. Qg8#) ({But not} 25... Bxe6 $2 26. dxe6 Qb5 27. Bc4 $18) 26. Bc4 Qc5 27. Qg4 Ke8 28. Qf3 Rf8 29. Re1 Qxc4 30. Qe3 Kd8 31. Qxe7+ Kc7 32. Rg7 Rad8 33. Re6 Qxd5 34. Rxf6 Rfe8 0-1

[Event "67th Warsaw-ch A 2018"]
[Site "Warsaw"]
[Date "2018.11.18"]
[Round "7"]
[White "Rozycki, Bartlomiej"]
[Black "Maciaga, Marcin"]
[Result "1-0"]
[WhiteElo "2138"]
[BlackElo "2164"]
[Annotator "NA"]
[PlyCount "65"]
[EventDate "2018.11.12"]
[EventCountry "POL"]
[SourceTitle "playchess.com"]
[Source "ChessBase"]
[SourceQuality "1"]

1. e4 c5 2. Nf3 Nc6 3. d4 cxd4 4. Nxd4 g6 5. Be3 Nf6 6. Nc3 Bg7 7. Bc4 O-O 8. Bb3 d5 9. exd5 Na5 10. Nde2 a6 11. O-O b5 12. Nf4 Bb7 13. Re1 Rc8 14. Bd4 Nc4 15. Qe2 Re8 16. Bxc4 Rxc4 17. Rad1 e5 18. Bxe5 Nd7 19. Ne6 Qh4 20. Bxg7 fxe6 21. dxe6 Nc5 22. Be5 Rxe6 23. Qd2 Qg4 24. f4 Nd7 25. h3 Qxg2+ 26. Qxg2 Bxg2 27. Rxd7 Bxh3 28. Rg7+ Kf8 29. Rxh7 Bf5 30. Rd1 Re8 31. Nd5 g5 32. Bd6+ Kg8 33. Nf6# 1-0

[Event "67th Warsaw-ch A 2018"]
[Site "Warsaw"]
[Date "2018.11.18"]
[Round "7"]
[White "Majek, Kacper"]
[Black "Wiech, Grzegorz"]
[Result "0-1"]
[WhiteElo "2052"]
[BlackElo "2238"]
[Annotator "ChessBase"]
[PlyCount "144"]
[EventDate "2018.11.12"]
[EventCountry "POL"]
[SourceTitle "playchess.com"]
[Source "ChessBase"]
[SourceQuality "1"]

1. d4 d6 2. e4 e5 3. dxe5 dxe5 4. Qxd8+ Kxd8 5. Nf3 f6 6. Nc3 Be6 7. Be3 c6 8. O-O-O+ Kc7 9. a3 Nd7 10. Ne1 Ne7 11. Nd3 Nc8 12. Na4 b6 13. f3 Nd6 14. Be2 Be7 15. g4 h5 16. h3 g5 17. Nc3 Rag8 18. Bf2 hxg4 19. hxg4 Nf8 20. Rdg1 Bf7 21. Nd1 Ng6 22. Ne3 Bc4 23. Nxc4 Nxc4 24. Ne1 Nd6 25. Ng2 Nb7 26. Bc4 Rf8 27. Be6 Bc5 28. Bxc5 Nxc5 29. Bf5 Nf4 30. Nxf4 exf4 31. Rd1 Rxh1 32. Rxh1 Rf7 33. Rh8 Nd7 34. Bxd7 Kxd7 35. Kd2 a5 36. c4 Kd6 37. Kc3 Kc5 38. Rd8 a4 39. Rh8 Rd7 40. Rf8 Rd6 41. Rf7 b5 42. cxb5 cxb5 43. Rf8 Kb6 44. Re8 Rc6+ 45. Kd2 Rd6+ 46. Kc2 Rc6+ 47. Kb1 Kc5 48. e5 Kd4 49. exf6 Rxf6 50. Kc2 Rh6 51. Re4+ Kd5 52. Rb4 Kc5 53. Kd3 Re6 54. Re4 Rxe4 55. Kxe4 Kc4 56. Kf5 Kb3 57. Kxg5 Kxb2 58. Kxf4 b4 59. g5 bxa3 60. g6 a2 61. g7 a1=Q 62. g8=Q Qc1+ 63. Ke4 Qc6+ 64. Ke3 Qc3+ 65. Ke4 a3 66. Qb8+ Kc1 67. Qg8 Qc2+ 68. Kd4 a2 69. Qa8 Qb2+ 70. Kd3 a1=Q 71. Qc6+ Kd1 72. Ke3 Qd4# 0-1

[Event "67th Warsaw-ch A 2018"]
[Site "Warsaw"]
[Date "2018.11.18"]
[Round "7"]
[White "Golecki, Jan"]
[Black "Maj, Pawel"]
[Result "1/2-1/2"]
[WhiteElo "2029"]
[BlackElo "2064"]
[Annotator "NA"]
[PlyCount "70"]
[EventDate "2018.11.12"]
[EventCountry "POL"]
[SourceTitle "playchess.com"]
[Source "ChessBase"]
[SourceQuality "1"]

1. e4 c5 2. Nf3 d6 3. Bb5+ Nd7 4. d4 Ngf6 5. Nc3 cxd4 6. Qxd4 g6 7. Bg5 Bg7 8. O-O-O O-O 9. Rhe1 Qa5 10. Qa4 Qxa4 11. Nxa4 h6 12. Bxd7 Bxd7 13. Bxf6 Bxf6 14. e5 Bg7 15. Nc3 Bc6 16. exd6 exd6 17. Rxd6 Rfe8 18. Rdd1 Rad8 19. Rxd8 Rxd8 20. Ne2 g5 21. h3 Kh7 22. c3 Kg6 23. Rg1 Bd5 24. a3 f5 25. Nfd4 Be5 26. f3 Kf6 27. Rd1 Bc4 28. Kc2 h5 29. g4 hxg4 30. hxg4 f4 31. Rh1 Bf7 32. Kd2 Bg6 33. Rh2 Re8 34. Rh1 Bd6 35. Nc1 Ke5 1/2-1/2

[Event "67th Warsaw-ch A 2018"]
[Site "Warsaw"]
[Date "2018.11.18"]
[Round "7"]
[White "Sliwerski, Radoslaw"]
[Black "Sanz Wawer, Daniel"]
[Result "1/2-1/2"]
[WhiteElo "1999"]
[BlackElo "2192"]
[Annotator "ChessBase"]
[PlyCount "172"]
[EventDate "2018.11.12"]
[EventCountry "POL"]
[SourceTitle "playchess.com"]
[Source "ChessBase"]
[SourceQuality "1"]

1. d4 Nf6 2. c4 c5 3. Nf3 g6 4. Nc3 Bg7 5. e4 cxd4 6. Nxd4 O-O 7. Be3 Nc6 8. Be2 d6 9. O-O Bd7 10. f3 Rc8 11. Qd2 a6 12. Rac1 Nxd4 13. Bxd4 Re8 14. Rfd1 Qc7 15. Kh1 Qb8 16. a4 Bc6 17. a5 e5 18. Be3 Bf8 19. b4 Bd7 20. Bg5 Nh5 21. g4 Nf4 22. Bxf4 exf4 23. Nd5 Bg7 24. Nb6 Rcd8 25. Qxd6 Qxd6 26. Rxd6 Be6 27. Rxd8 Rxd8 28. Nd5 Be5 29. Kg2 f5 30. Rd1 Kf7 31. gxf5 gxf5 32. exf5 Bxd5 33. cxd5 Kf6 34. b5 axb5 35. Bxb5 Bc7 36. a6 bxa6 37. Bxa6 Kxf5 38. Bd3+ Ke5 39. Be4 Rg8+ 40. Kh3 Bd6 41. Ra1 Rg5 42. Ra2 Be7 43. Rc2 Rh5+ 44. Kg2 Rg5+ 45. Kf1 Rh5 46. Re2 Kd6 47. Ke1 Bd8 48. Kd1 Rg5 49. Kc2 h5 50. Kd3 Rg7 51. Rc2 Rc7 52. Rg2 Rf7 53. Rg6+ Bf6 54. Rh6 h4 55. Bh7 Rf8 56. Ke4 Kc5 57. Bf5 Kd6 58. Be6 Be7 59. Bf7+ Kd7 60. Rh7 Rb8 61. Be6+ Kd6 62. Kxf4 Rb2 63. h3 Rg2 64. Ke4 Re2+ 65. Kd3 Re1 66. f4 Rf1 67. Rf7 Rf2 68. Ke3 Rf1 69. Ke2 Rb1 70. f5 Rb2+ 71. Kf3 Rb1 72. Kg4 Rf1 73. Kh5 Rf3 74. Rxe7 Kxe7 75. Kxh4 Rf1 76. Kh5 Rd1 77. h4 Kf6 78. Kh6 Rd2 79. h5 Rd1 80. Kh7 Ke7 81. h6 Rg1 82. Kh8 Rg2 83. h7 Kf8 84. d6 Rd2 85. d7 Rd4 86. f6 Rd2 1/2-1/2

[Event "67th Warsaw-ch A 2018"]
[Site "Warsaw"]
[Date "2018.11.18"]
[Round "7"]
[White "Liberadzki, Slawomir"]
[Black "Praczukowski, Stanislaw"]
[Result "1/2-1/2"]
[WhiteElo "1959"]
[BlackElo "2140"]
[Annotator "NA"]
[PlyCount "117"]
[EventDate "2018.11.12"]
[EventCountry "POL"]
[SourceTitle "playchess.com"]
[Source "ChessBase"]
[SourceQuality "1"]

1. c4 e5 2. Nc3 Nf6 3. g3 d5 4. cxd5 Nxd5 5. Bg2 Nb6 6. Nf3 Nc6 7. O-O Be7 8. d3 O-O 9. a3 Be6 10. b4 f6 11. Bb2 Qd7 12. Rc1 Rfd8 13. Ne4 Bf8 14. Qc2 Rac8 15. Nfd2 Nd4 16. Bxd4 exd4 17. Nb3 Qf7 18. Nec5 Bxb3 19. Qxb3 Bxc5 20. Qxf7+ Kxf7 21. Rxc5 c6 22. Rfc1 Na4 23. R5c2 a6 24. Kf1 Rc7 25. f4 Re7 26. Bf3 g6 27. h4 h6 28. Kf2 Nc3 29. Ra1 Na4 30. Rc4 f5 31. Re1 Re3 32. Rec1 Kf6 33. Rh1 h5 34. Rhc1 Rd6 35. R1c2 Ke7 36. Ra2 Kd7 37. Rd2 Ree6 38. Rc1 Kc7 39. Re1 Kb6 40. Rc1 Kb5 41. Rdc2 Re7 42. Rc4 Re8 43. Rb1 Ree6 44. Kf1 Kb6 45. Re1 Kc7 46. Rc2 Re7 47. Rc4 Re3 48. Kf2 Kd7 49. Rec1 Ree6 50. Re1 b5 51. Rc2 Nc3 52. e4 dxe3+ 53. Rxe3 Rxe3 54. Kxe3 Nd5+ 55. Bxd5 Rxd5 56. d4 Rd6 57. Rc5 Rd5 58. Rxd5+ cxd5 59. Kd3 1/2-1/2

[Event "67th Warsaw-ch A 2018"]
[Site "Warsaw"]
[Date "2018.11.18"]
[Round "8"]
[White "Nguyen, Piotr"]
[Black "Heberla, Bartlomiej"]
[Result "0-1"]
[WhiteElo "2393"]
[BlackElo "2546"]
[Annotator "TA"]
[PlyCount "66"]
[EventDate "2018.11.12"]
[EventCountry "POL"]
[SourceTitle "playchess.com"]
[Source "ChessBase"]
[SourceQuality "1"]

{[%evp 17,66,31,30,29,29,18,33,56,41,39,37,35,100,107,134,0,0,0,0,0,35,35,70,14,64,72,99,95,102,91,101,92,100,101,99,91,97,93,92,92,92,93,99,79,79,-614,-605,-573,-538,-560,-543]} 1. d4 g6 2. e4 d6 3. c4 Bg7 4. Nc3 Nf6 5. Nf3 O-O 6. h3 Na6 7. Bg5 Qe8 8. Be2 e5 9. d5 Nh5 10. g3 {E90: King's Indian: Classical: Early deviations and 6 h3} f5 11. exf5 gxf5 12. Nh4 {White is slightly better.} Nf6 13. Qc2 Nb4 14. Qd2 {[#]} f4 $146 ({Black should play} 14... a5 $14) ({Predecessor:} 14... a5 15. a3 Na6 16. Qc2 Nc5 17. Be3 f4 18. Bxc5 dxc5 {0-1 (59) Bai,J (2586)-Adhiban,B (2672) Chengdu 2017}) 15. Rg1 $16 (15. gxf4 h6 $14) 15... e4 16. Bxf4 (16. gxf4 $16 {Threatens to win with f5.} Nd3+ 17. Bxd3 exd3+ 18. Qe3) 16... Nd3+ $11 17. Bxd3 exd3+ 18. Qe3 Bxh3 (18... Qh5 $5 {[%cal Rf8e8]} 19. Kd2 b5 20. Nxb5 Ba6 $11) 19. Kd2 $1 c6 20. Bxd6 ({Better is} 20. Qxe8 $14 Rfxe8 21. Rge1) 20... Rf7 {[#] ...Qd8 is the strong threat.} (20... cxd5 {is more complex.} 21. Qxe8 Rfxe8 22. cxd5 Rad8 23. Bc7 Rxd5 24. Nxd5 Nxd5 25. Bd6 Re2+) 21. Qxe8+ $1 ({But not} 21. Qxd3 cxd5 22. g4 (22. cxd5 Rd8 $11) 22... Bxg4 $11) (21. Kxd3 $2 Qd7 $19) 21... Rxe8 22. Rae1 (22. Kxd3 $6 cxd5 23. f3 dxc4+ 24. Kc2 Rd7 $11) 22... cxd5 23. cxd5 Rxe1 24. Rxe1 ({Of course not} 24. Kxe1 $6 Ng4 $11) 24... Rd7 25. Be5 Bh6+ 26. Kxd3 Nxd5 27. Nxd5 Rxd5+ 28. Ke4 Ra5 29. a3 Bd7 30. f4 Bc6+ 31. Ke3 $2 {[%mdl 8192] [#]} (31. Kd4 $16) 31... Rxe5+ $1 $19 {Black is clearly winning.} 32. Kf2 Rxe1 33. Kxe1 Bg7 {Accuracy: White = 66%, Black = 51%.} 0-1

[Event "67th Warsaw-ch A 2018"]
[Site "Warsaw"]
[Date "2018.11.18"]
[Round "8"]
[White "Kokoszczynski, Jan"]
[Black "Golecki, Jan"]
[Result "1-0"]
[WhiteElo "2245"]
[BlackElo "2029"]
[Annotator "TA"]
[PlyCount "74"]
[EventDate "2018.11.12"]
[EventCountry "POL"]
[SourceTitle "playchess.com"]
[Source "ChessBase"]
[SourceQuality "1"]

{[%evp 11,74,16,0,-29,0,-12,4,6,5,10,4,12,20,7,9,6,20,11,11,-8,-3,-43,0,10,18,23,35,43,119,19,34,17,32,0,9,10,1,-33,21,9,217,217,222,207,251,255,401,401,377,370,745,387,385,361,5855,5855,5847,5700,4962,4958,5058,4806,29990,29991,29999]} 1. d4 d5 {[%cal Bd7d5,Bd5c4][%mdl 32]} 2. Nf3 Nf6 3. c4 e6 4. g3 dxc4 5. Bg2 Nc6 6. O-O Rb8 {LiveBook: 634 Games} 7. Bf4 {E04: Open Catalan: 5 Nf3} (7. e3 Be7 8. Qe2 b5 9. b3 cxb3 10. axb3 O-O 11. Bd2 Bb7 12. Rc1 a6 13. Ne1 Nd5 14. Nd3 Qd7 15. Nc3 {1-0 (24) So,W (2780)-Wei,Y (2729) chess.com INT 2018}) 7... b5 $146 ({Predecessor:} 7... Nd5 8. Bg5 Be7 9. Bxe7 Ndxe7 10. Nc3 O-O 11. Qa4 Nxd4 12. Rfd1 b5 13. Qxa7 Nec6 14. Qc5 Qe7 15. Qxe7 Nxf3+ 16. Bxf3 Nxe7 17. a4 {½-½ (17) Dubov,D (2644)-Vocaturo,D (2574) Gjakova 2016}) 8. b3 cxb3 9. axb3 {The position is equal.} Nd5 10. Ne5 Nxe5 11. Bxe5 f6 12. e4 Nb4 13. Bf4 ({Don't blunder} 13. Rxa7 $2 fxe5 14. Qh5+ g6 $17) 13... a6 $1 14. Nc3 $36 {[%mdl 2048] White fights for an advantage.} Be7 15. Rc1 O-O 16. Qe2 Bb7 (16... Qxd4 $15 17. Bxc7 Rb7) 17. Rfd1 $11 Rc8 18. Bh3 f5 {[#]} 19. d5 $1 {[%cal Rd5e6][%mdl 512]} Qe8 {[#]} (19... exd5 $14 20. Bxf5 Rxf5 21. exf5 Qd7) 20. dxe6 ({White should play} 20. exf5 $1 $16 exd5 {[#]} 21. f6 $1 {[%mdl 512]} Bxf6 22. Bxc8 Qxe2 23. Nxe2 Rxc8 24. Rxc7 Rxc7 25. Bxc7) 20... fxe4 21. Nxe4 {Threatens to win with Rd7.} Qg6 $1 22. Bg2 Nd5 23. Be5 Qxe6 24. Bb2 Kh8 (24... Rce8 $15) 25. Qh5 Qg6 $2 (25... Qf7 $11 {and Black is okay.} 26. Qxf7 Rxf7) 26. Rxd5 $18 Bxd5 27. Qxd5 {aiming for Rc6.} Rcd8 28. Qe5 Bd6 (28... Rfe8 {was necessary.}) 29. Nxd6 cxd6 30. Qd4 Rf7 $2 (30... Rd7 31. Be4 Qe6) 31. h4 {[%cal Bh2h4,Bh4h5,Bh5h6,Bh6g7][%mdl 32]} d5 32. Qxd5 Rdf8 $2 (32... Rff8 33. Qe5 Rde8) 33. h5 Qf5 34. Qxf5 Rxf5 35. h6 Kg8 36. hxg7 Rd8 37. Bh3 Rfd5 {Precision: White = 57%, Black = 21%.} 1-0